00463nam a2200145 450000500170000000800410001702000220005810000390008024500620011925000110018126000670019230000300025994200150028999900130030420260323124824.0260323b |||||||| |||| 00| 0 eng d a978-1-133-95407-1 aSerway A. Raymond & Jewett W. John aPhysics for Scientists and Engineersc/Raymond A. Serway  a9th ed aUnited States of America;bBrooks/Cole Cengage Learning;c2014 axxxii, 1232p.ill;c27.5cm 2lccn0cBK c192d192